000 00895nam a2200301Mi 4500
001 80173
005 20230410143140.0
008 071010t20072005fr 000 0 fre d
035 _a(OCoLC)ocn174130374
040 _aTZT
_cTZT
020 _a9782262027353
020 _a2262027358
029 0 _aTZT
_bJTL00211078
035 _a(OCoLC)174130374
050 1 4 _abH673 2007
072 7 _aDC
_2lcco
082 1 4 _a944
_21
049 _aGRAL
245 0 0 _aHistoire de la diplomatie française.
_nII,
_pDe 1815 á nos jours /
_cJean-Claude Allain, Pierre Guillen, Georges-Henri Soutou... [et al.].
260 _aParis :
_bPerrin,
_c2007.
300 _a636 p.:
_b[16] p. de pl.
440 0 _aTempus ;
_v192
653 _aFrench Political History
_aDiplomacy
938 _aJean Touzot Libraire Editeur
_bTOUZ
_nJTL00211078
_c12 EUR
942 _2lcc
_cbk
946 _accruz
994 _aC0
_bDRFGD
999 _c96608
_d96608